00377 2200157 4500001002100000008004100021035002000062245002600082100000800108260002500116300002200141020002200163084001400185082000800199990001200207INLIS000000000002754 IND  a0010-0925000101 aIstikharah CintacMae aMae aJakartabZettuc2014 a212c(13 x 19 cm) a978-602-7999-79-4 a813 MAE c a813 a0754976